GIMS - NINAO [paroles] - Statistiques

Statistiques générales
  • Ce quiz a été pris 66 fois
  • Le résultat moyen est 47 sur 86
Statistiques - réponses
Réponse % Correct
na
96%
ni
96%
de
86%
à
79%
a
79%
ça
77%
dès
77%
des
77%
que
75%
la
73%
travers
71%
guitare
70%
regarde
70%
amour
68%
pas
68%
petit
68%
rentrer
68%
tard
68%
trop
68%
j’suis
66%
mon
66%
oh
66%
parce
66%
capuché
64%
j’vais
64%
armée
63%
cramé
63%
en
63%
Fé’Fé’
63%
font
63%
ils
63%
le
61%
qu’ils
61%
tous
61%
aperçoivent
59%
équipe
59%
petits
59%
avec
57%
comme
57%
si
57%
noire
55%
qu’j’arrive
55%
ciel
54%
j’avance
54%
c’est
52%
j’ai
52%
jamais
52%
fait
50%
j’m’organise
50%
bleu
48%
choses
48%
pétard
48%
un
48%
étrier
46%
j’mourrais
46%
l’équipe
46%
les
46%
té-ma
46%
toujours
46%
redoutable
45%
regrettables
45%
on
43%
y
43%
cœur
41%
encore
41%
Guetta
41%
passe
41%
rien
41%
soirée
41%
vu
41%
d’être
39%
douane
39%
d’une
39%
nuit
39%
regarder
39%
réparer
39%
temps
39%
toute
39%
j’connais
38%
l’année
38%
(maximum)
38%
sur
38%
t’façon
34%
booké
32%
s’est
30%
vocalises
5%
Aucun quiz correspondant
Distribution des résultats
% des personnes avec chaque résultat
Percentile par nombre de réponses
Votre historique - résultats
Vous n’avez pas pris ce quiz